[Event "Thüringenliga 2011/2012"]
[Site "?"]
[Date "2011.11.06"]
[Round "3"]
[White "Kopczak, Rüdiger"]
[Black "Dittrich, Hans-Georg"]
[Result "1/2-1/2"]
[WhiteElo "1800"]
[BlackElo "1633"]
[PlyCount "89"]
[EventDate "2011.??.??"]
[WhiteTeam "VfL 1990 Gera"]
[BlackTeam "SG Blau-Weiß Stadtilm"]

1. d4 Nf6 2. Nf3 d5 3. e3 e6 4. Bd3 c5 5. c3 Nc6 6. Nbd2 Bd6 7. O-O O-O 8. Qe2
c4 9. Bc2 e5 10. dxe5 Nxe5 11. Rd1 Re8 12. b3 Qc7 13. Bb2 Bg4 14. h3 Bh5 15. g4
Bg6 16. Bxg6 hxg6 17. Nxe5 Bxe5 18. bxc4 Rad8 19. Nf3 a6 20. cxd5 Bd6 21. c4
Ne4 22. Nd2 Ng5 23. Kg2 f5 24. h4 Nf7 25. Qd3 Nh6 26. g5 Ng4 27. Nf1 Re7 28. f3
Ne5 29. Bxe5 Bxe5 30. Rab1 Bd6 31. Nd2 Rde8 32. Re1 Bc5 33. Nf1 Qd6 34. Re2 a5
35. a4 Bb4 36. h5 b6 37. hxg6 Qxg6 38. f4 Bc5 39. Rb3 Re4 40. d6 Qxd6 41. Qxd6
Bxd6 42. Rc2 Bc5 43. Kf3 Kf7 44. Rd3 R8e7 45. Rcc3 1/2-1/2

[Event "Thüringenliga 2011/2012"]
[Site "?"]
[Date "2011.12.04"]
[Round "4"]
[White "du Maire, Jérôme"]
[Black "Milchev, Nikolay"]
[Result "0-1"]
[WhiteElo "2008"]
[BlackElo "2400"]
[PlyCount "68"]
[EventDate "2011.??.??"]
[WhiteTeam "SV 1861 Liebschwitz"]
[BlackTeam "SC 51 Nordhausen"]

1. d4 Nf6 2. c4 c5 3. d5 Ne4 4. Nd2 Nd6 5. e4 e5 6. Ngf3 Qe7 7. Bd3 g6 8. O-O
Bg7 9. a3 Na6 10. Re1 O-O 11. Qe2 Ne8 12. Rb1 d6 13. b4 f5 14. Nf1 f4 15. N3d2
g5 16. h3 Qf7 17. Qd1 h5 18. Be2 Nf6 19. Nh2 Qg6 20. f3 Rf7 21. bxc5 Nxc5 22.
Nb3 Nfd7 23. Na5 Nb6 24. Qc2 Bd7 25. Bd2 Ba4 26. Qc3 Rc8 27. Rec1 Bd7 28. Be1
g4 29. fxg4 hxg4 30. Bxg4 Qxe4 31. Bxd7 Rxd7 32. Bf2 Nd3 33. Rc2 Nxd5 34. Qd2
Ne3 0-1

[Event "Thüringenliga 2011/2012"]
[Site "?"]
[Date "2011.12.04"]
[Round "4"]
[White "Kuntze, Andreas"]
[Black "Zeidler, Andreas"]
[Result "1/2-1/2"]
[WhiteElo "2025"]
[BlackElo "2119"]
[PlyCount "88"]
[EventDate "2011.??.??"]
[WhiteTeam "SC 51 Nordhausen"]
[BlackTeam "SV 1861 Liebschwitz"]

1. e4 d6 2. d4 g6 3. Nc3 Bg7 4. Be3 c6 5. a4 a5 6. h3 Nf6 7. Nf3 O-O 8. Be2 Na6
9. O-O Nb4 10. Nd2 b6 11. Ncb1 Ba6 12. Bxa6 Nxa6 13. Na3 Nd7 14. c3 Qc7 15. f4
f5 16. Qb3+ Kh8 17. e5 d5 18. Nf3 Rfc8 19. Rac1 Nf8 20. Bd2 Qb7 21. c4 Nc7 22.
c5 b5 23. Ra1 b4 24. Nc2 Qa6 25. Ne3 Nce6 26. g3 Rd8 27. Rad1 Bh6 28. h4 Ng7
29. Be1 Nfe6 30. Qd3 Qxd3 31. Rxd3 Nh5 32. Ng2 Kg8 33. Nd2 Rf8 34. Nb3 Bg7 35.
Bd2 h6 36. Ne1 Kh7 37. Kf2 Rg8 38. Rh1 Bf8 39. Nf3 Kg7 40. Be3 Kf7 41. Rdd1 Ke8
42. Ra1 Kd7 43. Bd2 Nd8 44. Rag1 Ne6 1/2-1/2

[Event "Thüringenliga 2011/2012"]
[Site "?"]
[Date "2011.12.04"]
[Round "4"]
[White "Hermannsdörfer, Frank"]
[Black "Anisheva, Varvara"]
[Result "1-0"]
[WhiteElo "2145"]
[BlackElo "2008"]
[PlyCount "117"]
[EventDate "2011.??.??"]
[WhiteTeam "SV 1861 Liebschwitz"]
[BlackTeam "SC 51 Nordhausen"]

1. c4 g6 2. Nc3 Bg7 3. e4 d6 4. g3 e5 5. Bg2 c6 6. d3 f5 7. exf5 Bxf5 8. Ne4
Nf6 9. Qb3 Bxe4 10. dxe4 Qe7 11. Be3 c5 12. Ne2 Nc6 13. Nc3 O-O 14. O-O Kh8 15.
Qd1 Nd4 16. Kh1 Qe6 17. Qd3 Rf7 18. f4 Ng4 19. Bg1 Raf8 20. Nd5 h5 21. h3 Nh6
22. Be3 Qd7 23. Qd1 Qe8 24. Rg1 Rd7 25. Qd2 Ng8 26. Raf1 Ne7 27. Nxe7 Rxe7 28.
Qd1 Rd7 29. Rf2 exf4 30. gxf4 Nf5 31. exf5 Qxe3 32. fxg6 Bh6 33. Qxh5 Kg7 34.
Re2 Qxf4 35. Rge1 Qg5 36. Qxg5 Bxg5 37. Be4 Bh4 38. Rg1 Bf6 39. Kg2 Bd4 40. Rf1
Re8 41. Rf4 Rde7 42. b3 b6 43. Rh4 Kf6 44. Kf3 Bc3 45. Rh7 Rxh7 46. gxh7 Rh8
47. Bd3 Be5 48. Rg2 Kf7 49. Bf5 Bd4 50. Rg8 d5 51. cxd5 Ke7 52. Ke4 Bf6 53. h4
b5 54. Rg6 Kf7 55. h5 c4 56. bxc4 bxc4 57. d6 Re8+ 58. Kd5 c3 59. Be6+ 1-0

[Event "Thüringenliga 2011/2012"]
[Site "?"]
[Date "2011.12.04"]
[Round "4"]
[White "Möller, Axel"]
[Black "Weiß, Werner"]
[Result "1-0"]
[WhiteElo "1965"]
[BlackElo "2032"]
[PlyCount "77"]
[EventDate "2011.??.??"]
[WhiteTeam "SC 51 Nordhausen"]
[BlackTeam "SV 1861 Liebschwitz"]

1. c4 g6 2. Nc3 Bg7 3. g3 d6 4. d4 c6 5. Bg2 Nd7 6. e4 Ngf6 7. Nf3 Qc7 8. O-O
O-O 9. h3 e5 10. Be3 Ne8 11. Qd2 f5 12. Rad1 Nef6 13. b3 Nh5 14. exf5 gxf5 15.
Bh6 f4 16. Bxg7 Nxg7 17. gxf4 exf4 18. Ne4 h6 19. c5 dxc5 20. d5 cxd5 21. Qxd5+
Kh7 22. Qd3 Kh8 23. Nd6 Nf6 24. Ne5 f3 25. Ng6+ Kg8 26. Bxf3 Bxh3 27. Rfe1 Be6
28. Nxf8 Rxf8 29. Qg6 Kh8 30. Qxh6+ Nh7 31. Be4 Nf5 32. Bxf5 Bxf5 33. Nxf5 Rg8+
34. Kf1 Qf7 35. Re5 c4 36. Rdd5 cxb3 37. axb3 Qc7 38. Re7 Qc1+ 39. Qxc1 1-0

[Event "Thüringenliga 2011/2012"]
[Site "?"]
[Date "2011.12.04"]
[Round "4"]
[White "Katzer, Michael"]
[Black "Koksch, Robert"]
[Result "1/2-1/2"]
[WhiteElo "1848"]
[BlackElo "1931"]
[PlyCount "27"]
[EventDate "2011.??.??"]
[WhiteTeam "SV 1861 Liebschwitz"]
[BlackTeam "SC 51 Nordhausen"]

1. e4 c6 2. d4 d5 3. Nd2 dxe4 4. Nxe4 Nd7 5. Ne2 Ngf6 6. N2g3 Nxe4 7. Nxe4 e6
8. Bg5 Be7 9. Nd6+ Kf8 10. Qh5 g6 11. Qf3 Nf6 12. Bh6+ Kg8 13. Nxc8 Rxc8 14.
O-O-O 1/2-1/2

[Event "Thüringenliga 2011/2012"]
[Site "?"]
[Date "2011.12.04"]
[Round "4"]
[White "Schilling, Rolf"]
[Black "Gerhardt, Frank"]
[Result "1/2-1/2"]
[WhiteElo "1960"]
[BlackElo "2037"]
[PlyCount "83"]
[EventDate "2011.??.??"]
[WhiteTeam "SC 51 Nordhausen"]
[BlackTeam "SV 1861 Liebschwitz"]

1. e4 c5 2. Nf3 Nc6 3. Nc3 Nf6 4. Bb5 g6 5. O-O Bg7 6. Re1 a6 7. Bxc6 dxc6 8.
h3 O-O 9. d3 Qc7 10. Be3 Nd7 11. Qd2 Re8 12. Bh6 e5 13. Nh2 Nf8 14. Be3 Ne6 15.
Ne2 Qe7 16. c3 Bd7 17. f4 exf4 18. Nxf4 Rad8 19. Rf1 c4 20. Bb6 Rc8 21. Ng4
Nxf4 22. Qxf4 Bxg4 23. hxg4 cxd3 24. Rad1 c5 25. b4 cxb4 26. cxb4 Qxb4 27.
Qxf7+ Kh8 28. Qb3 Qxb3 29. axb3 Rc6 30. Be3 Rc3 31. Rf7 Rxb3 32. Rd7 h6 33. Rc1
g5 34. Rcc7 Be5 35. Bd4 Rb1+ 36. Kf2 Bxd4+ 37. Rxd4 Rb2+ 38. Ke3 d2 39. Rdd7
d1=N+ 40. Rxd1 Rb3+ 41. Kf2 Rb2+ 42. Ke3 1/2-1/2

[Event "Thüringenliga 2011/2012"]
[Site "?"]
[Date "2011.12.04"]
[Round "4"]
[White "Kastner, Peter"]
[Black "Viererbe, Hartmut"]
[Result "1-0"]
[WhiteElo "1994"]
[BlackElo "1610"]
[PlyCount "89"]
[EventDate "2011.??.??"]
[WhiteTeam "SV 1861 Liebschwitz"]
[BlackTeam "SC 51 Nordhausen"]

1. d4 Nf6 2. Nf3 e6 3. Bg5 Be7 4. Nbd2 d5 5. e3 b6 6. Ne5 O-O 7. Bd3 Bb7 8. O-O
Ne4 9. Bxe7 Qxe7 10. Nxe4 dxe4 11. Be2 f6 12. Nc4 Nd7 13. c3 Rad8 14. Qa4 a6
15. Qb3 Bd5 16. Qa3 Qxa3 17. Nxa3 Bb7 18. b4 b5 19. c4 c6 20. f3 exf3 21. Bxf3
Ba8 22. c5 f5 23. Nb1 Nf6 24. Nc3 Nd5 25. Bxd5 exd5 26. Nd1 Rde8 27. g3 g5 28.
a4 Bb7 29. axb5 axb5 30. Ra7 Bc8 31. Rc7 Rf6 32. Nf2 Rfe6 33. Nd3 Rxe3 34. Ne5
Re4 35. Ra1 Rxd4 36. Raa7 Rd1+ 37. Kf2 Rd2+ 38. Kg1 Rd1+ 39. Kg2 Rd2+ 40. Kf3
g4+ 41. Kf4 Rd4+ 42. Kg5 Be6 43. Rg7+ Kf8 44. Rxh7 Bg8 45. Ng6# 1-0

[Event "Thüringenliga 2011/2012"]
[Site "?"]
[Date "2011.12.04"]
[Round "4"]
[White "Hüllenhagen, Andreas"]
[Black "Biel, Maik"]
[Result "0-1"]
[WhiteElo "1646"]
[BlackElo "1998"]
[PlyCount "94"]
[EventDate "2011.??.??"]
[WhiteTeam "SC 51 Nordhausen"]
[BlackTeam "SV 1861 Liebschwitz"]

1. d4 Nf6 2. Nf3 d5 3. e3 c5 4. c4 Nc6 5. Nc3 e6 6. Be2 dxc4 7. Bxc4 a6 8. a4
cxd4 9. exd4 Nb4 10. O-O Be7 11. Re1 Nfd5 12. Ne4 Bd7 13. Bd2 Rc8 14. Rc1 Nb6
15. Bxb4 Bxb4 16. Qb3 a5 17. Bb5 Rxc1 18. Rxc1 O-O 19. Bxd7 Qxd7 20. Nc5 Qe7
21. Qd3 Nd5 22. Qb5 b6 23. Nd3 Qf6 24. Nxb4 axb4 25. Ne5 Qg5 26. Qc6 h6 27. Rd1
Rd8 28. Qb7 Qf5 29. Rc1 Re8 30. Qd7 Rf8 31. h3 Qg5 32. Qc6 Qd2 33. Nd7 Rd8 34.
Rf1 Qxd4 35. Qb7 b3 36. Re1 Qd2 37. Rf1 Qd4 38. Re1 Qxb2 39. Nxb6 Qc3 40. Rd1
Qb4 41. a5 b2 42. Rb1 Qb3 43. Qc6 Nxb6 44. Qxb6 Rd1+ 45. Kh2 Qxb6 46. axb6 Rxb1
47. b7 Rh1+ 0-1

[Event "Thüringenliga 2011/2012"]
[Site "?"]
[Date "2011.12.04"]
[Round "4"]
[White "Goemann, Jens"]
[Black "Buring, Matthias"]
[Result "0-1"]
[WhiteElo "2113"]
[BlackElo "1976"]
[PlyCount "56"]
[EventDate "2011.??.??"]
[WhiteTeam "TSG Apolda"]
[BlackTeam "SG Arnstadt-Stadtilm"]

1. c4 e5 2. g3 f5 3. Bg2 Nf6 4. Nf3 d6 5. O-O Be7 6. Nc3 O-O 7. d3 Kh8 8. b4
Nc6 9. Rb1 Qe8 10. Nd5 Bd8 11. b5 Ne7 12. Nxf6 Rxf6 13. Qc2 Qh5 14. c5 f4 15.
cxd6 cxd6 16. Rb4 Rh6 17. Bxf4 exf4 18. Rxf4 Ng6 19. Re4 Ne5 20. h4 Bf5 21. Rf4
Ng6 22. Rd4 Bb6 23. Rc4 Ne5 24. Nxe5 dxe5 25. Bxb7 Rf8 26. Bg2 Bg4 27. e3 Rhf6
28. Qd2 Be2 0-1

[Event "Thüringenliga 2011/2012"]
[Site "?"]
[Date "2011.12.04"]
[Round "4"]
[White "Seidel, Thomas"]
[Black "Maiwald, Harald"]
[Result "0-1"]
[WhiteElo "1945"]
[BlackElo "2076"]
[PlyCount "96"]
[EventDate "2011.??.??"]
[WhiteTeam "SG Arnstadt-Stadtilm"]
[BlackTeam "TSG Apolda"]

1. e3 Nf6 2. f4 g6 3. Nf3 Bg7 4. Be2 O-O 5. O-O d6 6. d4 Nbd7 7. h3 Ne4 8. Kh2
e5 9. Nbd2 Nxd2 10. Bxd2 b6 11. dxe5 dxe5 12. Bc3 Bb7 13. fxe5 Qe7 14. Qe1 Nxe5
15. g3 Rad8 16. Rf2 Be4 17. Nxe5 Bxe5 18. Bf3 Bf5 19. Bg2 Rfe8 20. Re2 h5 21.
e4 h4 22. Bxe5 Qxe5 23. Qc3 Qxc3 24. bxc3 hxg3+ 25. Kxg3 Re5 26. Rae1 Be6 27.
Bf1 Bxa2 28. Kf4 Rc5 29. Re3 Rd2 30. R1e2 Rd1 31. Rf2 a5 32. h4 Be6 33. Bh3
Bxh3 34. Rxh3 a4 35. c4 Ra5 36. Ra3 Rd4 37. c3 Rxc4 38. Rd2 Rh5 39. Rd4 Rxd4
40. cxd4 Rxh4+ 41. Ke5 Rh5+ 42. Kf6 Ra5 43. d5 b5 44. Ra1 a3 45. e5 b4 46. e6
Rxd5 47. exf7+ Kf8 48. Rh1 Rd6+ 0-1

[Event "Thüringenliga 2011/2012"]
[Site "?"]
[Date "2011.12.04"]
[Round "4"]
[White "Rohmeiß, Roberto"]
[Black "Sauer, Marko"]
[Result "1/2-1/2"]
[WhiteElo "2035"]
[BlackElo "1929"]
[PlyCount "98"]
[EventDate "2011.??.??"]
[WhiteTeam "TSG Apolda"]
[BlackTeam "SG Arnstadt-Stadtilm"]

1. d4 Nf6 2. Nf3 e6 3. c4 b6 4. e3 Bb7 5. Bd3 Be7 6. Nbd2 d5 7. O-O dxc4 8.
Nxc4 O-O 9. Qe2 Be4 10. Rd1 Qd5 11. Nce5 Bxd3 12. Rxd3 Ne4 13. Nd2 c5 14. Nxe4
Qxe4 15. f3 Qb7 16. Bd2 Nc6 17. Nxc6 Qxc6 18. Rc1 Qb5 19. Bc3 Rac8 20. Kf1 cxd4
21. Rxd4 Qh5 22. h3 Bf6 23. Rc4 b5 24. Rxc8 Rxc8 25. Qd2 Qc5 26. Rd1 Bxc3 27.
Qxc3 Qxc3 28. bxc3 Kf8 29. Rd3 Ke7 30. Ke2 Rc4 31. Kd1 Ra4 32. Rd2 Ra3 33. Rc2
Kd6 34. Kd2 Kc5 35. g4 Kc4 36. h4 Ra6 37. Ke2 e5 38. e4 g6 39. Ke3 Ra3 40. Kd2
Ra6 41. Ke3 Ra3 42. Kd2 h6 43. g5 hxg5 44. hxg5 a5 45. Rb2 b4 46. cxb4 Rxf3 47.
bxa5 Rf2+ 48. Kc1 Rf1+ 49. Kd2 Rf2+ 1/2-1/2

[Event "Thüringenliga 2011/2012"]
[Site "?"]
[Date "2011.12.04"]
[Round "4"]
[White "Bächer, Reinhard"]
[Black "Schmidt, Matthias"]
[Result "0-1"]
[WhiteElo "1881"]
[BlackElo "1969"]
[PlyCount "98"]
[EventDate "2011.??.??"]
[WhiteTeam "SG Arnstadt-Stadtilm"]
[BlackTeam "TSG Apolda"]

1. e4 e6 2. d4 d5 3. Nd2 c5 4. exd5 exd5 5. Bb5+ Bd7 6. Qe2+ Qe7 7. Bxd7+ Nxd7
8. dxc5 Nxc5 9. Nb3 Nxb3 10. axb3 Qxe2+ 11. Nxe2 Bc5 12. O-O Nf6 13. Bg5 Ne4
14. Bh4 f6 15. Rfd1 Rd8 16. Nd4 g5 17. Bg3 Bb6 18. Rd3 Kf7 19. Rad1 Rhe8 20.
Nf5 Kg6 21. Nd4 h5 22. f3 Nxg3 23. hxg3 Re5 24. Kf1 Rde8 25. f4 gxf4 26. gxf4
Re3 27. f5+ Kf7 28. Rxe3 Rxe3 29. Nf3 d4 30. Re1 Ke7 31. Rxe3+ dxe3 32. Ke2 Kd6
33. Kd3 Kd5 34. b4 a6 35. c4+ Kc6 36. c5 Bc7 37. Nd4+ Kd5 38. b3 Bf4 39. Ne6
Ke5 40. Nd8 Kxf5 41. Nxb7 Kg4 42. c6 Kg3 43. Ke2 Kxg2 44. Nc5 h4 45. Nd3 Bc7
46. Kxe3 Kg3 47. Ne1 h3 48. Nf3 f5 49. Ke2 h2 0-1

[Event "Thüringenliga 2011/2012"]
[Site "?"]
[Date "2011.12.04"]
[Round "4"]
[White "Steiger, Jürgen"]
[Black "Marufke, Kai"]
[Result "1/2-1/2"]
[WhiteElo "1932"]
[BlackElo "1829"]
[PlyCount "87"]
[EventDate "2011.??.??"]
[WhiteTeam "TSG Apolda"]
[BlackTeam "SG Arnstadt-Stadtilm"]

1. e4 e5 2. Nf3 d6 3. d4 exd4 4. Nxd4 Nf6 5. Nc3 Be7 6. Bc4 Bd7 7. O-O Nc6 8.
Re1 Nxd4 9. Qxd4 O-O 10. Bg5 h6 11. Bh4 Bc6 12. Rad1 Nd7 13. Bxe7 Qxe7 14. b4
Nb6 15. Bb3 Rfe8 16. a4 a5 17. b5 Bd7 18. Re3 Be6 19. Bd5 Bxd5 20. Nxd5 Nxd5
21. exd5 Qd7 22. Rg3 f5 23. Qd2 Kh7 24. Re1 b6 25. Rge3 Qf7 26. Re6 Rxe6 27.
dxe6 Qf6 28. Qd5 Re8 29. g3 g5 30. Kg2 Kg6 31. h3 h5 32. Re3 Re7 33. Re2 Kh6
34. Re3 Kg6 35. Qb3 Kh6 36. Kh2 Kg6 37. Kg2 Kh6 38. Qc4 Kg6 39. Qc6 Rxe6 40.
Rxe6 Qxe6 41. Qxc7 d5 42. Qc6 Kf6 43. Qc3+ Qe5 44. Qc6+ 1/2-1/2

[Event "Thüringenliga 2011/2012"]
[Site "?"]
[Date "2011.12.04"]
[Round "4"]
[White "Schätz, Bianca"]
[Black "Krug, Klaus-Peter"]
[Result "1/2-1/2"]
[WhiteElo "1823"]
[BlackElo "1954"]
[PlyCount "81"]
[EventDate "2011.??.??"]
[WhiteTeam "SG Arnstadt-Stadtilm"]
[BlackTeam "TSG Apolda"]

1. e4 c5 2. Nf3 e6 3. d4 cxd4 4. Nxd4 a6 5. Nc3 Qc7 6. Bd3 Nf6 7. O-O Be7 8.
Be3 d6 9. f4 Nbd7 10. Nb3 b6 11. a4 Nc5 12. Re1 O-O 13. Bf2 Bb7 14. Nxc5 bxc5
15. e5 Qc6 16. Ne4 Ne8 17. Bf1 d5 18. Nd2 g6 19. Qf3 Ng7 20. g3 f6 21. exf6
Bxf6 22. c3 Qc7 23. Bg2 Rab8 24. Qd3 Bc8 25. Qc2 Nf5 26. Rac1 Bd7 27. Nf3 Qa5
28. b3 Rfc8 29. Ne5 Bxe5 30. Rxe5 Qd8 31. Qd1 Qf8 32. Rb1 Ne7 33. Re2 Rc7 34.
Reb2 Nf5 35. b4 d4 36. cxd4 cxd4 37. Bxd4 Nxd4 38. Qxd4 Bxa4 39. Qe5 Qf7 40.
Bf1 Bb5 41. Bxb5 1/2-1/2

[Event "Thüringenliga 2011/2012"]
[Site "?"]
[Date "2011.12.04"]
[Round "4"]
[White "Neubauer, Ralf"]
[Black "Schumacher, Andreas"]
[Result "1-0"]
[WhiteElo "1848"]
[BlackElo "1688"]
[PlyCount "108"]
[EventDate "2011.??.??"]
[WhiteTeam "TSG Apolda"]
[BlackTeam "SG Arnstadt-Stadtilm"]

1. d4 Nf6 2. c4 e6 3. Nc3 d5 4. cxd5 exd5 5. Bg5 Be7 6. e3 O-O 7. Qc2 h6 8. Bh4
Re8 9. Bd3 c6 10. Nge2 Nbd7 11. O-O Nf8 12. f3 Nh5 13. Bf2 Bh4 14. g3 Be7 15.
Rad1 g6 16. e4 Bg5 17. e5 Ng7 18. Kg2 Qd7 19. Ng1 Nf5 20. f4 Be7 21. Nf3 Ng7
22. Ng1 Nf5 23. h3 Ng7 24. Rde1 Bd8 25. Na4 Bb6 26. Nc5 Qe7 27. g4 Bxc5 28.
dxc5 h5 29. f5 gxf5 30. gxh5 Qg5+ 31. Kh1 Qxh5 32. Bg3 Ng6 33. Qh2 Bd7 34. Ne2
Re7 35. Nf4 Nxf4 36. Rxf4 Re6 37. Rh4 Qg5 38. Rg1 Rg6 39. Bf2 Qd2 40. Rxg6 fxg6
41. Qg3 Be8 42. e6 Qd1+ 43. Kh2 Qd2 44. Kg1 Qd1+ 45. Bf1 Nxe6 46. Qe5 Ng5 47.
Rh8+ Kf7 48. Qc7+ Kf6 49. Qd6+ Ne6 50. Rf8+ Bf7 51. Rxa8 g5 52. Rxa7 Qf3 53.
Rxb7 g4 54. Qg3 Qe4 1-0

[Event "Thüringenliga 2011/2012"]
[Site "?"]
[Date "2011.12.04"]
[Round "4"]
[White "Widmann, Benjamin"]
[Black "Römer, Norbert"]
[Result "1/2-1/2"]
[WhiteElo "1758"]
[BlackElo "1803"]
[PlyCount "113"]
[EventDate "2011.??.??"]
[WhiteTeam "SG Arnstadt-Stadtilm"]
[BlackTeam "TSG Apolda"]

1. c4 e5 2. Nc3 Nc6 3. g3 g6 4. Bg2 Bg7 5. Nf3 d6 6. O-O f5 7. d3 Nf6 8. Bg5 h6
9. Bxf6 Qxf6 10. Nd5 Qf7 11. Rb1 O-O 12. b4 Be6 13. Nd2 Nd8 14. b5 c6 15. bxc6
bxc6 16. Nb4 d5 17. cxd5 cxd5 18. Qb3 e4 19. e3 a5 20. Qa3 Be5 21. dxe4 dxe4
22. Nxe4 fxe4 23. Bxe4 Ra7 24. Nd3 Bf6 25. Nf4 g5 26. Nxe6 Qxe6 27. Qc5 Rd7 28.
Bf5 Qd5 29. Qc2 Rg7 30. Rfd1 Qe5 31. Qc4+ Kh8 32. Rb5 Qc7 33. Qxc7 Rxc7 34.
Rxa5 Nf7 35. g4 Ne5 36. Kg2 Kg7 37. Rdd5 Ng6 38. Bxg6 Kxg6 39. Ra6 Kf7 40. Rf5
Ke7 41. h3 Bg7 42. Rxf8 Kxf8 43. f4 Rc3 44. Kf3 Bd4 45. Ke4 Bxe3 46. f5 Bf4 47.
Rxh6 Rc4+ 48. Kd5 Ra4 49. h4 Ra5+ 50. Kc4 gxh4 51. Rxh4 Rxa2 52. Kd5 Re2 53.
Kd4 Kg7 54. Kd5 Kf6 55. Rh8 Kg7 56. Rh5 Kf6 57. Rh8 1/2-1/2

[Event "Thüringenliga 2011/2012"]
[Site "?"]
[Date "2011.12.04"]
[Round "4"]
[White "Urban, Lars"]
[Black "Schneider, Christian"]
[Result "1/2-1/2"]
[WhiteElo "1913"]
[BlackElo "2185"]
[PlyCount "47"]
[EventDate "2011.??.??"]
[WhiteTeam "SV Empor Erfurt"]
[BlackTeam "SG Blau-Weiß Stadtilm"]

1. d4 Nf6 2. c4 e6 3. Nc3 Bb4 4. Qc2 O-O 5. Nf3 d6 6. a3 Bxc3+ 7. Qxc3 b6 8. g3
Bb7 9. Bg2 Nbd7 10. O-O Qe7 11. b4 a5 12. Bb2 axb4 13. axb4 c5 14. dxc5 bxc5
15. Rfd1 Rfc8 16. bxc5 Nxc5 17. Rxa8 Bxa8 18. Qd4 Ne8 19. Ba3 Qc7 20. Rb1 e5
21. Qe3 Ne6 22. Qb6 Qxb6 23. Rxb6 Bc6 24. Nd2 1/2-1/2

[Event "Thüringenliga 2011/2012"]
[Site "?"]
[Date "2011.12.04"]
[Round "4"]
[White "Pichl, Michael"]
[Black "Rätsch, Heinz"]
[Result "0-1"]
[WhiteElo "1991"]
[BlackElo "2102"]
[PlyCount "80"]
[EventDate "2011.??.??"]
[WhiteTeam "SV Empor Erfurt"]
[BlackTeam "SG Blau-Weiß Stadtilm"]

1. Nf3 Nf6 2. g3 d6 3. Bg2 e5 4. c4 Be7 5. O-O O-O 6. Nc3 c6 7. e4 Nbd7 8. d4
Qc7 9. h3 Re8 10. b3 Bf8 11. Bb2 g6 12. dxe5 dxe5 13. Qc2 Nc5 14. Rad1 a5 15.
Rfe1 Bg7 16. Nb1 Nfd7 17. Bc3 Ne6 18. Qb2 c5 19. Rxd7 Bxd7 20. Bxe5 Bxe5 21.
Nxe5 Nd4 22. Nd3 Be6 23. Nc3 Rad8 24. Nf4 Qe5 25. Kh1 Nc6 26. Re3 Nb4 27. Qe2
Kf8 28. Nfd5 Bxd5 29. cxd5 g5 30. a3 Na6 31. Qb5 Qc7 32. Na4 f5 33. Nb6 fxe4
34. Bxe4 Kg7 35. Nc4 Qf7 36. Qxa5 Rxe4 37. Qc3+ Rd4 38. d6 Kg8 39. Rf3 Qd5 40.
Qe3 Rf8 0-1

[Event "Thüringenliga 2011/2012"]
[Site "?"]
[Date "2011.12.04"]
[Round "4"]
[White "George, Tom"]
[Black "Taudte, Stefan"]
[Result "0-1"]
[WhiteElo "1805"]
[BlackElo "2001"]
[PlyCount "104"]
[EventDate "2011.??.??"]
[WhiteTeam "SG Blau-Weiß Stadtilm"]
[BlackTeam "SV Empor Erfurt"]

1. Nc3 d5 2. e4 d4 3. Nce2 e5 4. Ng3 c5 5. Bc4 g6 6. d3 Nc6 7. a3 h5 8. h3 Bd7
9. f4 Bd6 10. Qf3 Qh4 11. N1e2 O-O-O 12. Bd2 exf4 13. Bxf4 Ne5 14. Bxe5 Bxe5
15. O-O-O Ne7 16. Rhf1 Rdf8 17. Nf4 f5 18. exf5 Nxf5 19. Nxf5 Rxf5 20. g3 Bxf4+
21. gxf4 g5 22. Kb1 g4 23. Qh1 Qxh3 24. Qxh3 gxh3 25. Rf3 Kc7 26. Re1 Rf6 27.
Bd5 Rhf8 28. Ref1 h2 29. R3f2 Bh3 30. Rh1 Rxf4 31. Rxf4 Rxf4 32. Rxh2 Bg4 33.
Rh4 b6 34. Rh2 Kd6 35. Be4 Rf1+ 36. Ka2 Rf6 37. Kb1 Ke5 38. b3 Rf1+ 39. Kb2 Kf4
40. b4 Kg3 41. Rg2+ Kf4 42. Rh2 Kg5 43. bxc5 bxc5 44. c3 h4 45. cxd4 cxd4 46.
Kb3 Rc1 47. Ka4 h3 48. Rb2 Bd7+ 49. Ka5 Bc6 50. Bxc6 Rxc6 51. Rb7 h2 52. Rg7+
Kh5 0-1

[Event "Thüringenliga 2011/2012"]
[Site "?"]
[Date "2011.12.04"]
[Round "4"]
[White "Wahlicht, Mike"]
[Black "Siebarth, Marco"]
[Result "0-1"]
[WhiteElo "1880"]
[BlackElo "1982"]
[PlyCount "96"]
[EventDate "2011.??.??"]
[WhiteTeam "SV Empor Erfurt"]
[BlackTeam "SG Blau-Weiß Stadtilm"]

1. e4 c5 2. c3 d5 3. exd5 Qxd5 4. d4 Nf6 5. Nf3 Nc6 6. Be2 e6 7. Na3 a6 8. Nc2
cxd4 9. Ncxd4 Bd7 10. Qb3 Qxb3 11. axb3 Be7 12. b4 O-O 13. O-O Nxd4 14. Nxd4
Nd5 15. Bf3 Bf6 16. Rd1 Rfd8 17. g3 Be8 18. Nc2 Rac8 19. Ne3 Bc6 20. Kg2 Nxe3+
21. Bxe3 Rxd1 22. Rxd1 Rd8 23. Rxd8+ Bxd8 24. Bc5 e5 25. Bxc6 bxc6 26. g4 f6
27. Kf3 Kf7 28. Ke4 Ke6 29. Be3 g6 30. f3 Bc7 31. h3 f5+ 32. Kd3 Bd6 33. b3 e4+
34. Ke2 exf3+ 35. Kxf3 fxg4+ 36. hxg4 h5 37. Bf2 Be5 38. Be1 Kd5 39. gxh5 gxh5
40. Ke3 Bf6 41. Kf4 h4 42. Kg4 Ke4 43. c4 Kd3 44. Kf5 Ke2 45. Bxh4 Bxh4 46. Ke6
Kd3 47. Kd6 Kc3 48. Kxc6 Kxb4 0-1

[Event "Thüringenliga 2011/2012"]
[Site "?"]
[Date "2011.12.04"]
[Round "4"]
[White "Kinzel, Tiffany"]
[Black "Zahn, Alina"]
[Result "1/2-1/2"]
[WhiteElo "1829"]
[BlackElo "1805"]
[PlyCount "55"]
[EventDate "2011.??.??"]
[WhiteTeam "SG Blau-Weiß Stadtilm"]
[BlackTeam "SV Empor Erfurt"]

1. Nc3 d5 2. e4 d4 3. Nce2 e5 4. Ng3 Be6 5. b3 Nd7 6. a3 Ngf6 7. d3 Bd6 8. N1e2
c5 9. f4 exf4 10. Nxf4 Qc7 11. Nge2 Bg4 12. Qd2 h6 13. h3 Bxe2 14. Bxe2 g5 15.
Nh5 Nxh5 16. Bxh5 Bg3+ 17. Kd1 Nf6 18. Qe2 Nxh5 19. Qxh5 O-O-O 20. Rf1 Rdf8 21.
Rf6 Bh4 22. Bf4 gxf4 23. Qxh4 Rfg8 24. Qf2 Rh7 25. Ke2 Rhg7 26. Rg1 h5 27. Kf1
Qa5 28. Rxf4 1/2-1/2

[Event "Thüringenliga 2011/2012"]
[Site "?"]
[Date "2011.12.04"]
[Round "4"]
[White "Renner, Wolfgang"]
[Black "Berner, Stephan"]
[Result "1/2-1/2"]
[WhiteElo "1764"]
[BlackElo "1758"]
[PlyCount "53"]
[EventDate "2011.??.??"]
[WhiteTeam "SV Empor Erfurt"]
[BlackTeam "SG Blau-Weiß Stadtilm"]

1. Nf3 Nf6 2. b3 g6 3. Bb2 Bg7 4. g3 d5 5. Bg2 Nbd7 6. c4 c6 7. O-O O-O 8. d4
Re8 9. cxd5 cxd5 10. Nc3 b6 11. Rc1 a6 12. Ne5 Bb7 13. Na4 Rc8 14. Qd3 e6 15.
Rxc8 Qxc8 16. Rc1 Qb8 17. Qd2 Rc8 18. e3 Bf8 19. Nxd7 Nxd7 20. Bf1 Rc7 21. Bd3
Qc8 22. Rxc7 Qxc7 23. Qe2 b5 24. Nc3 Nf6 25. f3 Nh5 26. Kg2 Bd6 27. f4 1/2-1/2

[Event "Thüringenliga 2011/2012"]
[Site "?"]
[Date "2011.12.04"]
[Round "4"]
[White "Dittrich, Hans-Georg"]
[Black "Strauch, Martin"]
[Result "0-1"]
[WhiteElo "1633"]
[BlackElo "1731"]
[PlyCount "82"]
[EventDate "2011.??.??"]
[WhiteTeam "SG Blau-Weiß Stadtilm"]
[BlackTeam "SV Empor Erfurt"]

1. c4 d6 2. g3 g6 3. Bg2 Bg7 4. e4 c5 5. Ne2 Nc6 6. O-O Nf6 7. d3 O-O 8. Nbc3
a6 9. Rb1 Rb8 10. h3 b5 11. Kh2 e6 12. Qe1 Ne5 13. Qd2 bxc4 14. d4 cxd4 15.
Nxd4 Qc7 16. f4 Nd3 17. Qe2 Bb7 18. Be3 d5 19. e5 Nd7 20. b4 Bc6 21. a3 Rb7 22.
Qg4 Re8 23. h4 h5 24. Qe2 N7xe5 25. fxe5 Nxe5 26. Qd2 Ng4+ 27. Kh3 Bd7 28. Bf3
e5 29. Nxd5 Nxe3+ 30. Kh2 Nxd5 31. Bxd5 exd4 32. Bxf7+ Kh7 33. Bxe8 Bxe8 34.
Rf3 c3 35. Qd3 Bb5 36. Qe4 Bc6 37. Qd3 Bxf3 38. Qxf3 Qf7 39. Qe2 Re7 40. Qc2
Qf3 41. Kh3 Qg4+ 0-1